| 000 | 00929cam a2200265Ia 4500 | ||
|---|---|---|---|
| 999 |
_c1652 _d1652 |
||
| 001 | 52510585 | ||
| 003 | OCoLC | ||
| 005 | 20180919125124.0 | ||
| 008 | 030626s2001 scua 000 0 eng d | ||
| 020 | _a1593280009 | ||
| 020 | _a9781593280000 | ||
| 035 | _a(OCoLC)52510585 | ||
| 040 |
_aKUS _cKUS _dOCLCQ _dCIRBC |
||
| 050 | 0 | 0 |
_aBS1465.2 _b.O463 2001 |
| 082 | 4 |
_a242 _bOl45w |
|
| 092 |
_a242.5 _bO459 |
||
| 100 | 1 | _aOlford, Stephen F. | |
| 245 | 1 | 0 |
_aWindows of wisdom : _bdevotional studies in proverbs / _cStephen F. Olford. |
| 260 |
_aGreenville, SC : _bAmbassador-Emerald International, _cc2001. |
||
| 300 |
_a204 p. : _bill. ; _c13 cm. |
||
| 500 | _a"This special edition is published by the Billy Graham Evangelistic Association with permission from the publisher, Ambassador-Emerald International."--Tp. | ||
| 630 | 0 | 0 |
_aBible _pProverbs _xCriticism, interpretation, etc. |
| 650 | 0 | _aChristian life. | |
| 942 |
_2ddc _cBK |
||